| 000 | 00687cam a22002171 4500 | ||
|---|---|---|---|
| 001 | ca 36001102 | ||
| 003 | DLC | ||
| 005 | 20260227111142.0 | ||
| 008 | 791017s1933 ohu 000 0 eng | ||
| 010 | _aca 36001102 | ||
| 035 | _a(OCoLC)5533446 | ||
| 040 |
_aDLC _cOCl _dDLC |
||
| 042 | _apremarc | ||
| 050 | 0 | 0 |
_aPN6120.A5 _bP795 |
| 082 | _a812.5 | ||
| 100 | 1 |
_aPreston, Effa E. _q(Effa Estelle), _d1884-1975. |
|
| 245 | 1 | 0 |
_aWhat, no angel cake! _cBy Effa E. Preston, a play in two acts for junior high or high schools. |
| 260 |
_aFranklin, O., _aDenver, Colo., _bEldridge entertainment house, incorporated, _cc1933. |
||
| 300 |
_a55 p. _c19 cm. |
||
| 490 | 0 | _aEldridge juvenile plays | |
| 999 |
_c18194 _d18194 |
||